000
00278nam a22001337a 4500
003
SGT
082
_a
617.43
_b
E17Z
100
_a
ZEBA, SAHA
245
_a
EFFICACY OF LYCOPENE ANEL SPIRULILA
260
_a
SGTU
_c
2017
300
_a
83
650
_a
OMR DENTAL
942
_2
ddc
_c
TH
999
_c
20626
_d
20626